000 00579nam a2200217Ia 4500
005 20230426030213.0
008 230125s9999 xx 000 0 und d
020 _a978-0-19-871692-1
041 _aeng
082 _a658
_bWIL
100 _aWillman P
_9115515
245 _aUnderstanding Management
_bThe Social Science Foundations
260 _c2014
_bOxford University Press
_aNew Delhi
300 _a321p
500 _aGeneral Management
650 _aGeneral Management
700 _aWillman P
_9115515
906 _b275
942 _cBK
999 _c93328
_d93328